000 00485nam a22001937a 4500
003 MPLRDC
005 20220104185035.0
008 210129b ||||| |||| 00| 0 eng d
020 _a978-986-272-230-5
082 _a177.2 HYL-4
100 _a黑幼龙
245 _a工作与生活的双赢智慧
_c
250 _a初版
260 _a台湾
_b商周出版
_c2012
300 _b
490 _a新商业周刊丛书: BW0474
650 _a成功法
942 _cBK
_o177.2 HYL-4
999 _c63152
_d63142